000 00755nam a2200241Ia 4500
001 19643364
003 OCoLC
005 20131023155013.0
008 890502t19861970enk b 000 1 eng d
020 _a0140430555
040 _aCIN
_cCIN
_dMOU
_dWaOLN
049 _aMOUW
050 _aPR 4710.G37 1994
100 1 _aGaskell, Elizabeth Cleghorn,
_d1810-1865.
_923341
245 1 0 _aNorth and South /
_cElizabeth Gaskell
260 _aHarmondsworth, Middlesex, England :
_bPenguin Books ;
_aNew York, N.Y. :
_bViking Penguin,
_c[1986], c1994
300 _a520 p. ;
_c18 cm.
490 1 _aPenguin classics.
504 _aIncludes bibliographical references.
700 1 _aCollin, Dorothy.
_923342
830 0 _aPenguin classics.
_921940
942 _2lcc
_cBK
999 _c58139
_d58113